[Event "GBR-ch108 Major Open"]
[Site "Torquay"]
[Date "2022.08.15"]
[Round "3"]
[White "Cordova-Lopez, Diego Anton"]
[Black "Dignam, Matthew"]
[Result "0-1"]
[WhiteElo "1471"]
[BlackElo "2080"]
[PlyCount "86"]
[EventDate "2022.08.13"]
[EventType "swiss"]
[EventRounds "9"]
[EventCountry "GBR"]
[SourceTitle "BritBase"]
[Source "John Saunders"]
[SourceDate "2021.06.05"]
[SourceVersion "1"]
[SourceVersionDate "2021.06.05"]
[SourceQuality "1"]

1. e4 d6 2. d4 Nf6 3. Nc3 c6 4. f4 Qa5 5. Bd3 e5 6. Nf3 Bg4 7. Be3 Nbd7 8. O-O
Be7 9. h3 Bh5 10. Qe1 Bxf3 11. Rxf3 O-O 12. a3 Rfe8 13. Kh1 Nf8 14. g4 exf4 15.
Rxf4 d5 16. e5 N6d7 17. Rf3 f6 18. exf6 Bxf6 19. Qf2 Qd8 20. Ne2 Ne6 21. Ng3 g6
22. Rf1 Bg5 23. c3 Bxe3 24. Rxe3 Rf8 25. Rf3 Qh4 26. Ne2 Qh6 27. Qg3 Rxf3 28.
Rxf3 Rf8 29. Rxf8+ Ndxf8 30. c4 Qd2 31. cxd5 cxd5 32. Qf3 Qxb2 33. Qxd5 Qxa3
34. Qc4 a6 35. d5 b5 36. Qc2 Nc5 37. Nc1 Nfd7 38. Kg2 Ne5 39. Be4 Qe3 40. Bd3
Nexd3 41. Nxd3 Nxd3 42. Qc8+ Kg7 43. Qc7+ Kh6 0-1

[Event "GBR-ch108 Major Open"]
[Site "Torquay"]
[Date "2022.08.15"]
[Round "3"]
[White "Starley, Robert"]
[Black "Saunders, Aron"]
[Result "0-1"]
[WhiteElo "1900"]
[BlackElo "1517"]
[PlyCount "72"]
[EventDate "2022.08.13"]
[EventType "swiss"]
[EventRounds "9"]
[EventCountry "GBR"]
[SourceTitle "BritBase"]
[Source "John Saunders"]
[SourceDate "2021.06.05"]
[SourceVersion "1"]
[SourceVersionDate "2021.06.05"]
[SourceQuality "1"]

1. e4 c6 2. d4 d5 3. e5 Bf5 4. Nc3 e6 5. g4 Bg6 6. Nge2 c5 7. h4 h5 8. Nf4 Bh7
9. g5 cxd4 10. Nb5 Be4 11. f3 Bf5 12. Nxd4 Ne7 13. Nxf5 Nxf5 14. g6 Be7 15.
gxf7+ Kxf7 16. Ng2 Nc6 17. f4 Nxh4 18. Be3 d4 19. Bf2 Qa5+ 20. Ke2 Nf5 21. Qd3
Rac8 22. Ne1 Nb4 23. Qd2 Qc7 24. Bh3 Qc4+ 25. Kd1 Ne3+ 26. Bxe3 dxe3 27. Qh2
Rhd8+ 28. Kc1 Rd2 29. Bxe6+ Kxe6 30. Qh3+ Kd5 31. Qd7+ Ke4 32. Qxb7+ Rc6 33. c3
Qe2 34. Nf3 Rc2+ 35. Kb1 Rxb2+ 36. Kc1 Qc2# 0-1

[Event "GBR-ch108 Major Open"]
[Site "Torquay"]
[Date "2022.08.15"]
[Round "3"]
[White "Thatte, Nishchal"]
[Black "Pert, Nina"]
[Result "1/2-1/2"]
[WhiteElo "1850"]
[BlackElo "1553"]
[PlyCount "48"]
[EventDate "2022.08.13"]
[EventType "swiss"]
[EventRounds "9"]
[EventCountry "GBR"]
[SourceTitle "BritBase"]
[Source "John Saunders"]
[SourceDate "2021.06.05"]
[SourceVersion "1"]
[SourceVersionDate "2021.06.05"]
[SourceQuality "1"]

1. Nf3 e6 2. c4 f5 3. d3 Nf6 4. e4 fxe4 5. dxe4 Nxe4 6. Bd3 Bb4+ 7. Kf1 Nf6 8.
a3 Be7 9. Ng5 O-O 10. Qc2 h6 11. h4 Ng4 12. f3 Nc6 13. Bh7+ Kh8 14. Bg8 Nf6 15.
Nf7+ Rxf7 16. Bxf7 d5 17. Nd2 Ne5 18. Bg6 dxc4 19. Be4 Bc5 20. Qc3 Bd4 21. Qc2
Bb6 22. Qc3 Bd4 23. Qc2 Bc5 24. Qc3 Bd4 1/2-1/2

[Event "GBR-ch108 Major Open"]
[Site "Torquay"]
[Date "2022.08.15"]
[Round "3"]
[White "Ogunshola, Ben"]
[Black "Dasgupta, Avyukt"]
[Result "1-0"]
[WhiteElo "2140"]
[BlackElo "1570"]
[PlyCount "91"]
[EventDate "2022.08.13"]
[EventType "swiss"]
[EventRounds "9"]
[EventCountry "GBR"]
[SourceTitle "BritBase"]
[Source "John Saunders"]
[SourceDate "2021.06.05"]
[SourceVersion "1"]
[SourceVersionDate "2021.06.05"]
[SourceQuality "1"]

1. c4 c6 2. Nf3 d5 3. b3 Nf6 4. Bb2 Bf5 5. g3 e6 6. Bg2 h6 7. O-O Nbd7 8. Nc3
Bc5 9. d4 Be7 10. Nd2 Qb6 11. e4 dxe4 12. Ndxe4 Nxe4 13. Nxe4 Bxe4 14. Bxe4 Bf6
15. Re1 O-O 16. Qf3 Rfd8 17. Rad1 Nf8 18. c5 Qc7 19. Bd3 Rd7 20. Re4 Rad8 21.
h4 Kh8 22. Rf4 Nh7 23. Qe4 Nf8 24. Qe3 Nh7 25. Qe4 Nf8 26. Rxf6 gxf6 27. d5 e5
28. d6 Qa5 29. Qe3 Kg8 30. Bf5 Qxa2 31. Qc3 Qa6 32. Bd3 b5 33. Ra1 Qb7 34. Bf5
Re8 35. Qf3 Rdd8 36. Be4 Rc8 37. Qxf6 Re6 38. Qf5 Rce8 39. Qf3 Rc8 40. h5 Nd7
41. b4 Nf6 42. Bf5 Rce8 43. Bxe6 Rxe6 44. Bxe5 Rxe5 45. Qxf6 Re6 46. Qd8+ 1-0

[Event "GBR-ch108 Major Open"]
[Site "Torquay"]
[Date "2022.08.15"]
[Round "3"]
[White "Johnson, Paul A"]
[Black "Smith, Andrew Philip"]
[Result "0-1"]
[WhiteElo "1827"]
[BlackElo "2073"]
[PlyCount "90"]
[EventDate "2022.08.13"]
[EventType "swiss"]
[EventRounds "9"]
[EventCountry "GBR"]
[SourceTitle "BritBase"]
[Source "John Saunders"]
[SourceDate "2021.06.05"]
[SourceVersion "1"]
[SourceVersionDate "2021.06.05"]
[SourceQuality "1"]

1. d4 Nf6 2. c4 c5 3. d5 e6 4. Nc3 exd5 5. cxd5 d6 6. e4 g6 7. Be2 Bg7 8. Nf3
Bg4 9. Nd2 Bxe2 10. Qxe2 O-O 11. O-O Re8 12. Qd3 Nbd7 13. Nf3 b5 14. Nxb5 Nxe4
15. Nc3 Nxc3 16. bxc3 Qa5 17. Bd2 Rab8 18. c4 Qa4 19. Bc3 Qa3 20. Rfc1 Rb2 21.
Nd2 Rxa2 22. Rab1 Nb6 23. Qf3 Na4 24. Bxg7 Qxf3 25. Nxf3 Kxg7 26. Ra1 Ree2 27.
Rxa2 Rxa2 28. Kf1 a5 29. Ng5 Nb2 30. Rc2 a4 31. Ne4 a3 32. Ke2 Ra1 33. Nd2 a2
34. Rxb2 Re1+ 35. Kxe1 a1=Q+ 36. Rb1 Qe5+ 37. Kf1 Qxh2 38. Nf3 Qf4 39. Rd1
Qxc4+ 40. Kg1 Qb3 41. Rd2 Qb1+ 42. Kh2 c4 43. Nd4 Qc1 44. Nf3 c3 45. Re2 Qd1
0-1

[Event "GBR-ch108 Major Open"]
[Site "Torquay"]
[Date "2022.08.15"]
[Round "3"]
[White "Phillips, Owen S"]
[Black "Leslie, Alex"]
[Result "0-1"]
[WhiteElo "1851"]
[BlackElo "1827"]
[PlyCount "94"]
[EventDate "2022.08.13"]
[EventType "swiss"]
[EventRounds "9"]
[EventCountry "GBR"]
[SourceTitle "BritBase"]
[Source "John Saunders"]
[SourceDate "2021.06.05"]
[SourceVersion "1"]
[SourceVersionDate "2021.06.05"]
[SourceQuality "1"]

1. b3 Nf6 2. Bb2 g6 3. d3 d5 4. Nd2 c5 5. e4 d4 6. h3 e5 7. Ne2 Nc6 8. g3 Bg7
9. Bg2 O-O 10. O-O b5 11. a4 bxa4 12. Rxa4 a5 13. Nc4 Ba6 14. f4 Nd7 15. f5 g5
16. g4 f6 17. Ng3 Bb5 18. Ra1 Qc7 19. Nh5 a4 20. Nxg7 Kxg7 21. h4 h6 22. h5
Rfb8 23. Nd2 axb3 24. Nxb3 Rxa1 25. Nxa1 Bxd3 26. Qxd3 Rxb2 27. Rc1 Na5 28. Qa6
c4 29. Qe6 Nf8 30. Qd5 Nb7 31. Bf1 Nd6 32. Qa8 Rb8 33. Qa2 Nd7 34. Re1 Qc6 35.
c3 d3 36. Bg2 Qb6+ 37. Kh1 Nc5 38. Nc2 dxc2 39. Qxc2 Qb3 40. Qd2 Nd3 41. Ra1
Qb2 42. Ra7+ Rb7 43. Qe3 Rxa7 44. Qxa7+ Nf7 45. Bf1 Qf2 46. Qxf2 Nxf2+ 47. Kg2
Nxe4 0-1

[Event "GBR-ch108 Major Open"]
[Site "Torquay"]
[Date "2022.08.15"]
[Round "3"]
[White "Hickman, John E"]
[Black "Truman, Richard G"]
[Result "0-1"]
[WhiteElo "1832"]
[BlackElo "1943"]
[PlyCount "76"]
[EventDate "2022.08.13"]
[EventType "swiss"]
[EventRounds "9"]
[EventCountry "GBR"]
[SourceTitle "BritBase"]
[Source "John Saunders"]
[SourceDate "2021.06.05"]
[SourceVersion "1"]
[SourceVersionDate "2021.06.05"]
[SourceQuality "1"]

1. e4 c5 2. Nf3 e6 3. d3 Nc6 4. g3 g6 5. Bg2 Bg7 6. O-O Nge7 7. Re1 d6 8. c3
O-O 9. d4 cxd4 10. cxd4 d5 11. e5 Nf5 12. Nc3 Qb6 13. Na4 Qc7 14. Bf4 b6 15.
Bf1 Bb7 16. Qd2 Qd7 17. Nc3 Na5 18. b3 Rac8 19. g4 Ne7 20. Rac1 Nac6 21. Bh6 f6
22. Bxg7 Kxg7 23. exf6+ Rxf6 24. Ne5 Nxe5 25. dxe5 Rf3 26. Nb5 Rxc1 27. Rxc1
Nc6 28. Re1 Kg8 29. Nd4 Nxd4 30. Qxd4 Qf7 31. h3 Rf4 32. Qd2 g5 33. Rc1 d4 34.
Bg2 Bxg2 35. Kxg2 Qb7+ 36. Kg1 Qf3 37. Rc4 Qxh3 38. Rxd4 Qxg4+ 0-1

[Event "GBR-ch108 Major Open"]
[Site "Torquay"]
[Date "2022.08.15"]
[Round "3"]
[White "Volovich, Julia"]
[Black "Gardiner, Eric D"]
[Result "1/2-1/2"]
[WhiteElo "1625"]
[BlackElo "1915"]
[PlyCount "53"]
[EventDate "2022.08.13"]
[EventType "swiss"]
[EventRounds "9"]
[EventCountry "GBR"]
[SourceTitle "BritBase"]
[Source "John Saunders"]
[SourceDate "2021.06.05"]
[SourceVersion "1"]
[SourceVersionDate "2021.06.05"]
[SourceQuality "1"]

1. d4 d5 2. c4 e6 3. Nc3 Nf6 4. cxd5 exd5 5. Bg5 c6 6. e3 h6 7. Bf4 Bf5 8. Bd3
Bxd3 9. Qxd3 Bd6 10. Nge2 Bxf4 11. Nxf4 Na6 12. O-O O-O 13. Rab1 Qd6 14. Rfc1
Rfe8 15. a3 Ne4 16. b4 Nc7 17. a4 a6 18. Qc2 Nxc3 19. Qxc3 Ne6 20. Nd3 f5 21.
Nc5 Re7 22. g3 g5 23. Qd3 Nxc5 24. bxc5 Qe6 25. Rb3 Rf8 26. Rcb1 Rff7 27. f4
1/2-1/2

[Event "GBR-ch108 Major Open"]
[Site "Torquay"]
[Date "2022.08.15"]
[Round "3"]
[White "McKay, Jonathan"]
[Black "Adams, Henry"]
[Result "1-0"]
[WhiteElo "1636"]
[BlackElo "1473"]
[PlyCount "69"]
[EventDate "2022.08.13"]
[EventType "swiss"]
[EventRounds "9"]
[EventCountry "GBR"]
[SourceTitle "BritBase"]
[Source "John Saunders"]
[SourceDate "2021.06.05"]
[SourceVersion "1"]
[SourceVersionDate "2021.06.05"]
[SourceQuality "1"]

1. e4 c5 2. Nf3 d6 3. Bb5+ Nd7 4. c3 Ngf6 5. Qe2 g6 6. d4 cxd4 7. cxd4 a6 8.
Bd3 Bg7 9. Nc3 O-O 10. O-O e5 11. dxe5 Nxe5 12. h3 Nfd7 13. Nxe5 Nxe5 14. Bc2
Be6 15. Rd1 g5 16. Nd5 Rc8 17. Ne3 Nc6 18. Qh5 h6 19. Bb3 Qe7 20. Bxe6 fxe6 21.
Ng4 Kh7 22. h4 Nd4 23. Bxg5 Qf7 24. Qxf7 Rxf7 25. Be3 Nc2 26. Rab1 h5 27. Nh2
Nxe3 28. fxe3 Rc4 29. Nf3 Bh6 30. Rxd6 Rxe4 31. Re1 Rc7 32. Kh1 Kg6 33. Rd4 Rc4
34. Rxc4 Rxc4 35. Ne5+ 1-0

[Event "GBR-ch108 Major Open"]
[Site "Torquay"]
[Date "2022.08.15"]
[Round "3"]
[White "Garnett, John S"]
[Black "Jakhria, Kushal"]
[Result "1-0"]
[WhiteElo "1916"]
[BlackElo "1367"]
[PlyCount "103"]
[EventDate "2022.08.13"]
[EventType "swiss"]
[EventRounds "9"]
[EventCountry "GBR"]
[SourceTitle "BritBase"]
[Source "John Saunders"]
[SourceDate "2021.06.05"]
[SourceVersion "1"]
[SourceVersionDate "2021.06.05"]
[SourceQuality "1"]

1. d4 Nf6 2. Bg5 d5 3. e3 c5 4. Bxf6 gxf6 5. c4 cxd4 6. exd4 Nc6 7. Nf3 e5 8.
cxd5 Qxd5 9. Nc3 Bb4 10. dxe5 Qxd1+ 11. Rxd1 Nxe5 12. Bb5+ Bd7 13. Bxd7+ Nxd7
14. O-O Bxc3 15. bxc3 O-O-O 16. Nd4 a6 17. Nf5 Kc7 18. Rd4 Ne5 19. Rfd1 b5 20.
Ne3 Nc6 21. Rxd8 Rxd8 22. Rxd8 Kxd8 23. Kf1 Ne7 24. Ke2 Kd7 25. Kd3 f5 26. a3
Kd6 27. c4 Kc5 28. cxb5 axb5 29. g3 Kd6 30. Nc2 Nc6 31. Nd4 Nxd4 32. Kxd4 f6
33. f3 h6 34. g4 fxg4 35. fxg4 Kc6 36. h4 Kb6 37. Kd5 Ka5 38. Kc5 Ka4 39. Kb6
b4 40. axb4 Kxb4 41. Kc6 Kc4 42. Kd6 Kd4 43. Ke6 Ke4 44. Kxf6 Kf4 45. g5 h5 46.
g6 Kg4 47. g7 Kxh4 48. g8=Q Kh3 49. Kf5 h4 50. Kf4 Kh2 51. Kf3 h3 52. Kf2 1-0

[Event "GBR-ch108 Major Open"]
[Site "Torquay"]
[Date "2022.08.15"]
[Round "3"]
[White "Gamal, Alaa"]
[Black "Larkin, Benjamin"]
[Result "0-1"]
[WhiteElo "1690"]
[BlackElo "1311"]
[PlyCount "105"]
[EventDate "2022.08.13"]
[EventType "swiss"]
[EventRounds "9"]
[EventCountry "GBR"]
[SourceTitle "BritBase"]
[Source "John Saunders"]
[SourceDate "2021.06.05"]
[SourceVersion "1"]
[SourceVersionDate "2021.06.05"]
[SourceQuality "1"]

1. d4 Nf6 2. c4 g6 3. Nf3 Bg7 4. Nc3 d5 5. h4 dxc4 6. e4 c5 7. d5 b5 8. e5 Ng4
9. Bf4 Nd7 10. e6 fxe6 11. dxe6 Bxc3+ 12. bxc3 Nb6 13. Qxd8+ Kxd8 14. Ng5 Ke8
15. Be2 Rf8 16. Bg3 Nf6 17. Bf3 Nfd5 18. Nxh7 Rxf3 19. gxf3 Bxe6 20. Ng5 Bf5
21. Rc1 Kd7 22. Ne4 Na4 23. Kd2 Rd8 24. h5 Ke6 25. Ke1 gxh5 26. Rxh5 Bxe4 27.
fxe4 Ndxc3 28. Re5+ Kd7 29. Bh4 Re8 30. Rxc3 Nxc3 31. Rxc5 Kd6 32. Rh5 e5 33.
Rh7 a5 34. Ra7 a4 35. Ra6+ Kc5 36. a3 b4 37. axb4+ Kxb4 38. f3 a3 39. Kf1 a2
40. Be1 Kb5 41. Ra3 Ra8 42. Rxa8 Na4 43. Rxa4 Kxa4 44. Bc3 Kb3 45. Bxe5 c3 46.
f4 a1=Q+ 47. Kg2 Qa2+ 48. Kh3 c2 49. Kg4 c1=Q 50. Kf5 Qh2 51. Ke6 Qc6+ 52. Bd6
Qh6+ 53. Kf5 0-1

[Event "GBR-ch108 Major Open"]
[Site "Torquay"]
[Date "2022.08.15"]
[Round "3"]
[White "Shaw, Peter"]
[Black "Moss, Jack"]
[Result "1-0"]
[WhiteElo "2117"]
[BlackElo "1707"]
[PlyCount "83"]
[EventDate "2022.08.13"]
[EventType "swiss"]
[EventRounds "9"]
[EventCountry "GBR"]
[SourceTitle "BritBase"]
[Source "John Saunders"]
[SourceDate "2021.06.05"]
[SourceVersion "1"]
[SourceVersionDate "2021.06.05"]
[SourceQuality "1"]

1. d4 f5 2. Bg5 h6 3. Bh4 g5 4. e3 Nf6 5. Bg3 d6 6. h4 Rg8 7. hxg5 hxg5 8. Be2
Be6 9. c4 Bf7 10. Nc3 Nbd7 11. Qc2 e6 12. O-O-O Bg6 13. Bd3 Qe7 14. Nb5 Nb6 15.
c5 Nbd5 16. cxd6 cxd6 17. Nxd6+ Kd8 18. Kb1 Nb4 19. Qb3 f4 20. Qxb4 Bxd3+ 21.
Rxd3 Qxd6 22. Qxd6+ Bxd6 23. exf4 Ne4 24. Ne2 gxf4 25. Bh4+ Kd7 26. f3 Ng3 27.
Bxg3 fxg3 28. Rh7+ Kc6 29. Rc3+ Kb6 30. Rb3+ Kc6 31. Rc3+ Kb6 32. Rb3+ Kc6 33.
Rbxb7 Rh8 34. Kc2 a5 35. Rbg7 Kd5 36. Rg5+ Kc6 37. Rxh8 Rxh8 38. Nxg3 a4 39.
Ne4 Bf4 40. Rc5+ Kd7 41. Kd3 Rh2 42. Rc2 1-0

[Event "GBR-ch108 Major Open"]
[Site "Torquay"]
[Date "2022.08.15"]
[Round "3"]
[White "Alldritt, Nigel R E"]
[Black "Davis, Timothy"]
[Result "1-0"]
[WhiteElo "2049"]
[BlackElo "1660"]
[PlyCount "83"]
[EventDate "2022.08.13"]
[EventType "swiss"]
[EventRounds "9"]
[EventCountry "GBR"]
[SourceTitle "BritBase"]
[Source "John Saunders"]
[SourceDate "2021.06.05"]
[SourceVersion "1"]
[SourceVersionDate "2021.06.05"]
[SourceQuality "1"]

1. d4 Nf6 2. c4 g6 3. Nc3 d5 4. Nf3 Bg7 5. Qb3 dxc4 6. Qxc4 O-O 7. e4 Bg4 8.
Be3 Nfd7 9. Qb3 Nb6 10. Rd1 Nc6 11. d5 Ne5 12. Be2 Nxf3+ 13. gxf3 Bh3 14. a4 a5
15. Nb5 Bd7 16. Rc1 Be5 17. f4 Bd6 18. h4 Bb4+ 19. Kf1 Bxb5 20. Bxb5 Nd7 21. h5
Nf6 22. hxg6 hxg6 23. Bd4 Kg7 24. Qh3 Rh8 25. Qxh8+ Qxh8 26. Rxh8 Rxh8 27. Rxc7
Rh4 28. Be5 b6 29. Rc6 Bc5 30. Bxf6+ exf6 31. d6 Rh8 32. d7 Rd8 33. e5 fxe5 34.
fxe5 Kf8 35. e6 fxe6 36. Rxe6 Kf7 37. Re8 Be7 38. Ke2 g5 39. Kf3 Ke6 40. Ke4
Rxd7 41. Bxd7+ Kxd7 42. Rxe7+ 1-0

[Event "GBR-ch108 Major Open"]
[Site "Torquay"]
[Date "2022.08.15"]
[Round "3"]
[White "Davis, Cameron"]
[Black "Humphreys, Jerry G"]
[Result "1-0"]
[WhiteElo "1487"]
[BlackElo "1942"]
[PlyCount "55"]
[EventDate "2022.08.13"]
[EventType "swiss"]
[EventRounds "9"]
[EventCountry "GBR"]
[SourceTitle "BritBase"]
[Source "John Saunders"]
[SourceDate "2021.06.05"]
[SourceVersion "1"]
[SourceVersionDate "2021.06.05"]
[SourceQuality "1"]

1. e4 c5 2. Nf3 e6 3. d4 cxd4 4. Nxd4 Nf6 5. Nc3 d6 6. g4 h6 7. h4 Nc6 8. Rg1
h5 9. gxh5 Nxh5 10. Bg5 Nf6 11. Nxc6 bxc6 12. Qf3 Be7 13. O-O-O Qc7 14. e5 dxe5
15. Nb5 Qb7 16. Nd6+ Bxd6 17. Rxd6 Rb8 18. b3 Ke7 19. Rd1 Bd7 20. Be3 e4 21.
Bc5+ Kd8 22. Qg3 Ne8 23. Qf4 Rh5 24. Rg5 Rxg5 25. hxg5 f5 26. gxf6 gxf6 27.
Qxe4 Kc8 28. Qh7 1-0

[Event "GBR-ch108 Major Open"]
[Site "Torquay"]
[Date "2022.08.15"]
[Round "3"]
[White "Li, Ethan"]
[Black "Sugden, John N"]
[Result "0-1"]
[WhiteElo "1553"]
[BlackElo "2032"]
[PlyCount "78"]
[EventDate "2022.08.13"]
[EventType "swiss"]
[EventRounds "9"]
[EventCountry "GBR"]
[SourceTitle "BritBase"]
[Source "John Saunders"]
[SourceDate "2021.06.05"]
[SourceVersion "1"]
[SourceVersionDate "2021.06.05"]
[SourceQuality "1"]

1. e4 c5 2. Nf3 d6 3. d4 cxd4 4. Nxd4 Nf6 5. Nc3 a6 6. Bc4 e6 7. Bb3 b5 8. O-O
Be7 9. f4 Bb7 10. f5 e5 11. Nde2 Nxe4 12. Nxe4 Bxe4 13. Nc3 Bb7 14. Nd5 Nd7 15.
Qg4 Bf6 16. Nxf6+ gxf6 17. Qg7 Qb6+ 18. Kh1 Rf8 19. Bh6 O-O-O 20. Bxf7 Kb8 21.
Be6 Nc5 22. Be3 Qc6 23. b4 Nxe6 24. fxe6 Rg8 25. e7 Rde8 26. Qxg8 Rxg8 27. Rf2
Qe8 28. a4 bxa4 29. c4 Qxe7 30. Rxa4 Qg7 31. Raa2 Qg4 32. Kg1 Qd1+ 33. Rf1 Qb3
34. Re2 Rxg2+ 35. Rxg2 Qxe3+ 36. Rff2 Bxg2 37. Kxg2 Qe4+ 38. Kg3 f5 39. b5 Qg4#
0-1

[Event "GBR-ch108 Major Open"]
[Site "Torquay"]
[Date "2022.08.15"]
[Round "3"]
[White "Norinkeviciute, Rasa"]
[Black "Gartside, Carl"]
[Result "1/2-1/2"]
[WhiteElo "1837"]
[BlackElo "1739"]
[PlyCount "89"]
[EventDate "2022.08.13"]
[EventType "swiss"]
[EventRounds "9"]
[EventCountry "GBR"]
[SourceTitle "BritBase"]
[Source "John Saunders"]
[SourceDate "2021.06.05"]
[SourceVersion "1"]
[SourceVersionDate "2021.06.05"]
[SourceQuality "1"]

1. c4 Nf6 2. Nc3 g6 3. g3 Bg7 4. Bg2 O-O 5. d3 c5 6. e4 Nc6 7. Nf3 e5 8. a3 a5
9. Rb1 Qe7 10. O-O h6 11. Bd2 d6 12. Ne1 Nd4 13. b4 axb4 14. axb4 b6 15. Nc2
Nxc2 16. Qxc2 Be6 17. f4 exf4 18. Bxf4 Rad8 19. Nb5 Ng4 20. Qa4 f5 21. Rbe1 Ne5
22. exf5 Bxf5 23. d4 cxd4 24. Nxd4 Qd7 25. Qxd7 Bxd7 26. Bd5+ Kh7 27. Rd1 Bg4
28. Rd2 g5 29. Be3 Rxf1+ 30. Kxf1 Bh3+ 31. Kg1 Rf8 32. Rf2 Rxf2 33. Bxf2 Bd7
34. Ne6 Bxe6 35. Bxe6 Nf3+ 36. Kg2 Nd4 37. Bd5 Kg6 38. g4 Be5 39. h4 Kf6 40.
Be3 gxh4 41. Bxh6 Ne2 42. Be4 Bf4 43. Bd3 Bxh6 44. Bxe2 Ke5 45. b5 1/2-1/2

[Event "GBR-ch108 Major Open"]
[Site "Torquay"]
[Date "2022.08.15"]
[Round "3"]
[White "Young, Daniel J"]
[Black "Wilson, Matthew R"]
[Result "1/2-1/2"]
[WhiteElo "1810"]
[BlackElo "1797"]
[PlyCount "86"]
[EventDate "2022.08.13"]
[EventType "swiss"]
[EventRounds "9"]
[EventCountry "GBR"]
[SourceTitle "BritBase"]
[Source "John Saunders"]
[SourceDate "2021.06.05"]
[SourceVersion "1"]
[SourceVersionDate "2021.06.05"]
[SourceQuality "1"]

1. Nf3 Nf6 2. c4 e6 3. g3 d5 4. Bg2 Be7 5. O-O O-O 6. b3 c5 7. e3 d4 8. exd4
cxd4 9. Bb2 Nc6 10. Re1 Qb6 11. d3 Bd6 12. Ba3 Nb4 13. Bc1 Nc6 14. Ba3 Nb4 15.
Qd2 Re8 16. Ne5 Nd7 17. f4 a5 18. Bb2 f6 19. Nf3 Nc6 20. Qe2 e5 21. fxe5 Ndxe5
22. Na3 Bb4 23. Red1 Bg4 24. Qf2 Bh5 25. Nxe5 Rxe5 26. Bf3 Rf5 27. Bd5+ Rxd5
28. cxd5 Bxd1 29. dxc6 Bxa3 30. cxb7 Qxb7 31. Rxd1 Bxb2 32. Qxb2 Qf3 33. Qc2
Re8 34. Rf1 Qe3+ 35. Kg2 h5 36. Qc4+ Kh7 37. Rf4 Qe2+ 38. Rf2 Qg4 39. Rf4 Qe2+
40. Rf2 Qe3 41. Rf4 Qd2+ 42. Rf2 Qe3 43. Rf4 Qd2+ 1/2-1/2

[Event "GBR-ch108 Major Open"]
[Site "Torquay"]
[Date "2022.08.15"]
[Round "3"]
[White "Koiza, Peter"]
[Black "Sadler, Ben"]
[Result "1-0"]
[WhiteElo "1781"]
[BlackElo "1644"]
[PlyCount "63"]
[EventDate "2022.08.13"]
[EventType "swiss"]
[EventRounds "9"]
[EventCountry "GBR"]
[SourceTitle "BritBase"]
[Source "John Saunders"]
[SourceDate "2021.06.05"]
[SourceVersion "1"]
[SourceVersionDate "2021.06.05"]
[SourceQuality "1"]

1. c4 Nf6 2. Nc3 g6 3. e4 d6 4. g3 Bg7 5. Bg2 O-O 6. Nge2 c5 7. O-O Nc6 8. d3
Bd7 9. h3 a6 10. Rb1 Rb8 11. a3 b5 12. cxb5 axb5 13. b4 Nd4 14. Nxd4 cxd4 15.
Ne2 Qb6 16. f4 e5 17. g4 Rfc8 18. f5 d5 19. exd5 Qd6 20. Qb3 h6 21. fxg6 fxg6
22. Bd2 Be8 23. Ng3 Rc7 24. g5 hxg5 25. Bxg5 Rc3 26. Qa2 Rxd3 27. Rxf6 Bxf6 28.
Ne4 Qa6 29. Nxf6+ Kg7 30. Qf2 Rxa3 31. Qh4 Kf8 32. Qh8+ 1-0

[Event "GBR-ch108 Major Open"]
[Site "Torquay"]
[Date "2022.08.15"]
[Round "3"]
[White "Miller, George"]
[Black "Fowler, Hugo"]
[Result "1-0"]
[WhiteElo "1783"]
[BlackElo "1686"]
[PlyCount "35"]
[EventDate "2022.08.13"]
[EventType "swiss"]
[EventRounds "9"]
[EventCountry "GBR"]
[SourceTitle "BritBase"]
[Source "John Saunders"]
[SourceDate "2021.06.05"]
[SourceVersion "1"]
[SourceVersionDate "2021.06.05"]
[SourceQuality "1"]

1. e4 e5 2. Nf3 Nc6 3. Bc4 Bc5 4. O-O Nf6 5. b4 Bb6 6. b5 Na5 7. Nxe5 d5 8.
Bxd5 Nxd5 9. exd5 Qxd5 10. Nc3 Qd6 11. Bb2 Be6 12. Qe2 O-O-O 13. Ne4 Qd5 14. d3
Bf5 15. c4 Qe6 16. c5 f6 17. cxb6 Bxe4 18. bxa7 1-0

[Event "GBR-ch108 Major Open"]
[Site "Torquay"]
[Date "2022.08.15"]
[Round "3"]
[White "Fleri, Luke"]
[Black "Sanger, Jake M"]
[Result "0-1"]
[WhiteElo "1483"]
[BlackElo "1639"]
[PlyCount "56"]
[EventDate "2022.08.13"]
[EventType "swiss"]
[EventRounds "9"]
[EventCountry "GBR"]
[SourceTitle "BritBase"]
[Source "John Saunders"]
[SourceDate "2021.06.05"]
[SourceVersion "1"]
[SourceVersionDate "2021.06.05"]
[SourceQuality "1"]

1. e4 c5 2. c3 Nf6 3. e5 Nd5 4. d4 cxd4 5. Nf3 Nc6 6. cxd4 d6 7. Bc4 Nb6 8. Bb3
dxe5 9. d5 Na5 10. Nc3 Nxb3 11. Qxb3 e6 12. Nxe5 exd5 13. Qb5+ Bd7 14. Nxd7
Qxd7 15. Be3 Qxb5 16. Nxb5 Bb4+ 17. Ke2 O-O 18. a3 Be7 19. b3 Bf6 20. Rad1 Rad8
21. Bd4 Rfe8+ 22. Kf3 Bxd4 23. Rxd4 a6 24. Nc3 Rc8 25. Rd3 Nd7 26. Kg3 Ne5 27.
Re3 d4 28. Re2 Rxc3+ 0-1

[Event "GBR-ch108 Major Open"]
[Site "Torquay"]
[Date "2022.08.15"]
[Round "3"]
[White "Renshaw, Lucas"]
[Black "Merriman, James"]
[Result "0-1"]
[WhiteElo "1595"]
[BlackElo "1683"]
[PlyCount "46"]
[EventDate "2022.08.13"]
[EventType "swiss"]
[EventRounds "9"]
[EventCountry "GBR"]
[SourceTitle "BritBase"]
[Source "John Saunders"]
[SourceDate "2021.06.05"]
[SourceVersion "1"]
[SourceVersionDate "2021.06.05"]
[SourceQuality "1"]

1. e4 e6 2. d4 d5 3. Nc3 Nf6 4. e5 Nfd7 5. f4 c5 6. Nf3 Nc6 7. Be3 a6 8. Qd2 b5
9. h4 Qb6 10. Ne2 a5 11. f5 exf5 12. Nf4 cxd4 13. Nxd4 Nxd4 14. Bxd4 Qc6 15.
Rh3 Bb7 16. e6 Nc5 17. exf7+ Kxf7 18. Bd3 Re8+ 19. Kf1 Ne4 20. Bxe4 Rxe4 21.
Rd1 Bd6 22. Rf3 Qc4+ 23. Kg1 Rxd4 0-1